Riadiace počítače : PGŠ - robotika /
Saved in:
| Main Author: | |
|---|---|
| Format: | Book |
| Language: | Slovak |
| Published: |
Bratislava :
STU v Bratislave,
1984
|
| Edition: | 1.vyd. |
| Tags: |
No Tags, Be the first to tag this record!
|
MARC
| LEADER | 00000nam a22000003a 4500 | ||
|---|---|---|---|
| 001 | stu6849 | ||
| 005 | 20150617225809.6 | ||
| 008 | 940719s1984----cs------------------slo-d | ||
| 040 | |a STU |b slo | ||
| 041 | 0 | |a slo | |
| 044 | |a cs | ||
| 100 | 1 | |a Almássyová-Šalamonová, Helena |4 aut | |
| 245 | 1 | |a Riadiace počítače : |b PGŠ - robotika / |c [aut.] Almássyová-řalamonová,Helena | |
| 250 | |a 1.vyd. | ||
| 260 | |a Bratislava : |b STU v Bratislave, |c 1984 | ||
| 300 | |a 61 s | ||
| 996 | |b 284EK09090 |c E*55680 |l EE0105 |s P |a 0 |w stu6849_0001 | ||